<?xml version="1.0" encoding="UTF-8"?>
<record
    xmlns:xsi="http://www.w3.org/2001/XMLSchema-instance"
    xsi:schemaLocation="http://www.loc.gov/MARC21/slim http://www.loc.gov/standards/marcxml/schema/MARC21slim.xsd"
    xmlns="http://www.loc.gov/MARC21/slim">

  <leader>00814nam a22001577a 4500</leader>
  <controlfield tag="008">120619t        xxu||||| |||| 00| 0 eng d</controlfield>
  <datafield tag="020" ind1=" " ind2=" ">
    <subfield code="a">8179291251</subfield>
  </datafield>
  <datafield tag="050" ind1=" " ind2=" ">
    <subfield code="a">HM263.R43</subfield>
  </datafield>
  <datafield tag="100" ind1=" " ind2=" ">
    <subfield code="a">Ridgeway, Judith</subfield>
  </datafield>
  <datafield tag="245" ind1=" " ind2=" ">
    <subfield code="a">Handling the media and the public relations. /</subfield>
    <subfield code="c">Judith, Ridgeway</subfield>
  </datafield>
  <datafield tag="260" ind1=" " ind2=" ">
    <subfield code="a">New Delhi:</subfield>
    <subfield code="b">Infinity books,</subfield>
    <subfield code="c">2005.</subfield>
  </datafield>
  <datafield tag="300" ind1=" " ind2=" ">
    <subfield code="a">ix, 222 p.:</subfield>
    <subfield code="c">20cm.</subfield>
  </datafield>
  <datafield tag="500" ind1=" " ind2=" ">
    <subfield code="a">Includes index.</subfield>
  </datafield>
  <datafield tag="505" ind1=" " ind2=" ">
    <subfield code="a">Contents: The Media relations programme -- Lists and contacts -- Releases and captions -- Photographs -- Samples and giveways -- Ongoing information service -- Bought editorials competitions and special offers -- Techniques for television and radio -- Receptions and conferences -- Seminars, workshops and teach-ins -- Special events -- Educating management -- Recommended reading.</subfield>
  </datafield>
  <datafield tag="942" ind1=" " ind2=" ">
    <subfield code="2">lcc</subfield>
    <subfield code="c">BK</subfield>
  </datafield>
  <datafield tag="999" ind1=" " ind2=" ">
    <subfield code="c">2520</subfield>
    <subfield code="d">10020</subfield>
  </datafield>
  <datafield tag="952" ind1=" " ind2=" ">
    <subfield code="0">0</subfield>
    <subfield code="1">0</subfield>
    <subfield code="2">lcc</subfield>
    <subfield code="4">0</subfield>
    <subfield code="7">0</subfield>
    <subfield code="a">WIUC-1</subfield>
    <subfield code="b">WIUC-1</subfield>
    <subfield code="c">GEN</subfield>
    <subfield code="d">2012-11-15</subfield>
    <subfield code="l">0</subfield>
    <subfield code="o">HM263.R43</subfield>
    <subfield code="p">3642/12</subfield>
    <subfield code="r">2012-11-15 00:00:00</subfield>
    <subfield code="t">1</subfield>
    <subfield code="w">2012-11-15</subfield>
    <subfield code="y">BK</subfield>
  </datafield>
  <datafield tag="952" ind1=" " ind2=" ">
    <subfield code="0">0</subfield>
    <subfield code="1">0</subfield>
    <subfield code="2">lcc</subfield>
    <subfield code="4">0</subfield>
    <subfield code="7">0</subfield>
    <subfield code="a">WIUC-1</subfield>
    <subfield code="b">WIUC-1</subfield>
    <subfield code="c">GEN</subfield>
    <subfield code="d">2012-11-15</subfield>
    <subfield code="l">0</subfield>
    <subfield code="o">HM263.R431</subfield>
    <subfield code="p">4073/12</subfield>
    <subfield code="r">2012-11-15 00:00:00</subfield>
    <subfield code="t">2</subfield>
    <subfield code="w">2012-11-15</subfield>
    <subfield code="y">BK</subfield>
  </datafield>
  <datafield tag="952" ind1=" " ind2=" ">
    <subfield code="0">0</subfield>
    <subfield code="1">0</subfield>
    <subfield code="2">lcc</subfield>
    <subfield code="4">0</subfield>
    <subfield code="7">0</subfield>
    <subfield code="a">WIUC-1</subfield>
    <subfield code="b">WIUC-1</subfield>
    <subfield code="c">GEN</subfield>
    <subfield code="d">2012-11-15</subfield>
    <subfield code="l">0</subfield>
    <subfield code="o">HM263.R432</subfield>
    <subfield code="p">6790/12</subfield>
    <subfield code="r">2012-11-15 00:00:00</subfield>
    <subfield code="t">3</subfield>
    <subfield code="w">2012-11-15</subfield>
    <subfield code="y">BK</subfield>
  </datafield>
  <datafield tag="952" ind1=" " ind2=" ">
    <subfield code="0">0</subfield>
    <subfield code="1">0</subfield>
    <subfield code="2">lcc</subfield>
    <subfield code="4">0</subfield>
    <subfield code="7">0</subfield>
    <subfield code="a">WIUC-1</subfield>
    <subfield code="b">WIUC-1</subfield>
    <subfield code="c">GEN</subfield>
    <subfield code="d">2012-11-15</subfield>
    <subfield code="l">0</subfield>
    <subfield code="o">HM263.R433</subfield>
    <subfield code="p">6354/12</subfield>
    <subfield code="r">2012-11-15 00:00:00</subfield>
    <subfield code="t">4</subfield>
    <subfield code="w">2012-11-15</subfield>
    <subfield code="y">BK</subfield>
  </datafield>
</record>
